A grande decisão (Record no. 74703)

MARC details
000 -LÍDER
campo de controle de tamanho fixo 00374 a2200169 4500
001 - NÚMERO DE CONTROLE
campo de controle 74703
020 ## - ISBN - INTERNATIONAL STANDARD BOOK NUMBER
ISBN - International Standard Book Number 8532245757
040 ## - FONTE DA CATALOGAÇÃO
Instituição que transcreveu o registro Anchieta - Colégio São Paulo
100 ## - ENTRADA PRINCIPAL--NOME PESSOAL
Nome pessoal Gomes, Álvaro Cardoso
240 10 - TÍTULO UNIFORME
Título uniforme A grande decisão
Idioma da obra Ing
245 10 - TÍTULO
Título A grande decisão
300 ## - DESCRIÇÃO FÍSICA
Extensão 143
362 0# - DATAS DE PUBLICAÇÃO E/OU DESIGNAÇÃO SEQUENCIAL
Datas de publicação e/ou designação sequencial 2003
440 #1 - DECLARAÇÃO DE SÉRIE/ENTRADA ADICIONADA--TÍTULO
Título FTD
650 #4 - ASSUNTO--TERMO TÓPICO
Cabeçalho tópico ou nome geográfico Literatura juvenil
942 ## - ELEMENTOS DE ENTRADA ADICIONADOS (KOHA)
Tipo de material Koha Livros
Holdings
Situação do descarte Situação das perdas Situação física Não pode ser emprestado Biblioteca de origem Biblioteca atual Data de aquisição Total de empréstimos Código de barras Data de último acesso Data do preço efetivo Tipo de material Koha Fonte da classificação ou esquema de arquivamento na estante Nota pública
        Colégio São Paulo Colégio São Paulo 22/11/2023   5568/CSP 22/11/2023 22/11/2023 Livros    
        Novo Tempo - Aureliano São José Novo Tempo - Aureliano São José 16/05/2024   nt612 16/05/2024 16/05/2024 Livros Classificação Decimal de Dewey estante red